Computational Elasticity (Record no. 182)

MARC details
000 -LEADER
Fixed length control field 00457nam a2200157 4500
003 - CONTROL NUMBER IDENTIFIER
Control field SEACOMEC
005 - DATE AND TIME OF LATEST TRANSACTION
Control field 20240417121938.0
008 - FIXED-LENGTH DATA ELEMENTS--GENERAL INFORMATION
Fixed length control field 231007b |||||||| |||| 00| 0 eng d
040 ## - CATALOGING SOURCE
Original cataloging agency SEACOMEC
082 ## - DEWEY DECIMAL CLASSIFICATION NUMBER
Classification number 518.0285
Book Number A498
100 1# - MAIN ENTRY--PERSONAL NAME
Personal name Ameen, Mohammed
245 1# - TITLE STATEMENT
Title Computational Elasticity
Sub title Theory of elasticity and finite and boundary element methods
Statement of responsibility Mohammed Ameen
260 ## - IMPRINT
Place of publication New Delhi
Name of publisher Narosa
Date of publication 2005
650 ## - SUBJECT ADDED ENTRY--TOPICAL TERM
Topical term Numerical analysis
942 ## - ADDED ENTRY ELEMENTS (KOHA)
Koha item type Books
Holdings
Withdrawn status Lost status Source of classification Damaged status Not for loan Home library Current library Date acquired Total Checkouts Call number Accession number Date last seen Price effective from Koha item type
    Dewey Decimal Classification     SEACOM ENGINEERING COLLEGE SEACOM ENGINEERING COLLEGE 04/08/2006   518.0285 A498 5150 17/04/2024 17/04/2024 Books
© Seacom Engineering College, All rights reserved.      Powered by Koha